Tietz textbook of clinical chemistry and molecular diagnostics
Salvato in:
| Autori principali: | , , |
|---|---|
| Natura: | Libro |
| Lingua: | inglese |
| Pubblicazione: |
Nueva Delhi
Elsevier
2006
|
| Edizione: | 4a. ed |
| Soggetti: | |
| Tags: |
Aggiungi Tag
Nessun Tag, puoi essere il primo ad aggiungerne!!
|
MARC
| LEADER | 00000nam a2200000 a 4500 | ||
|---|---|---|---|
| 001 | UCI3544 | ||
| 003 | CL-VaPUC | ||
| 008 | 071109e20060000II |||||||||||||||||eng|d | ||
| 020 | |a 0721601898 | ||
| 082 | 0 | 4 | |a 616.095 |b BUR |2 21 |
| 100 | 0 | |a Burtis, Carl A |e author |9 524913 | |
| 700 | 0 | |a Ashwood, Edward R |e author |9 524914 | |
| 700 | 0 | |a Bruns, David E |e author |9 524915 | |
| 245 | 1 | 0 | |a Tietz textbook of clinical chemistry and molecular diagnostics |
| 250 | |a 4a. ed | ||
| 300 | |a 2412 p | ||
| 942 | |c BK | ||
| 945 | |d 20071109 00:00:00 |a jtorresc | ||
| 260 | |a Nueva Delhi |b Elsevier |c 2006 | ||
| 650 | 7 | |a QUIMICA CLINICA |2 CL-VaPUC |9 325507 | |
| 650 | 0 | |a Lípidos |9 306890 | |
| 650 | 7 | |a LIPOPROTEINAS |2 CL-VaPUC |9 374201 | |
| 650 | 7 | |a ELECTROLITOS |2 CL-VaPUC |9 360144 | |
| 650 | 7 | |a PATOFISIOLOGIA |2 CL-VaPUC |9 382838 | |
| 650 | 0 | |a Radioactividad |9 366299 | |
| 650 | 0 | |a Cromatografía |9 263967 | |
| 650 | 0 | |a Química analítica |9 259648 | |
| 650 | 0 | |a Electroquímica |9 263973 | |
| 650 | 0 | |a Bioquímica |9 259492 | |
| 650 | 7 | |a ENCIMAS |2 CL-VaPUC |9 382839 | |
| 650 | 0 | |a Moléculas |9 259584 | |
| 650 | 0 | |a Endocrinología |9 335883 | |
| 650 | 0 | |a Metabolismo |9 259893 | |
| 583 | |a last modification |c 20071109 00:00:00 |k Rodrigo Vera | ||
| 999 | |c 327694 |d 327692 | ||
| 952 | |0 0 |1 0 |4 0 |6 616_095000000000000_BUR_2006 |7 0 |8 A |9 410899 |a BIBCUR |b BIBCUR |d 2019-11-22 |i 4386078 |o 616.095 BUR 2006 |p 4386078 |r 2025-04-22 |w 2019-11-22 |y BK |k QUI | ||
| 952 | |0 0 |1 0 |4 0 |6 616_095000000000000_BUR_2006 |7 0 |8 A |9 410900 |a BIBCUR |b BIBCUR |d 2019-11-22 |i 4386086 |o 616.095 BUR 2006 |p 4386086 |r 2025-04-22 |w 2019-11-22 |y BK |k QUI | ||